Top Countries by Tourism with exceptions - Statistics

General Stats
  • This quiz has been taken 99 times
    71 since last reset
  • The average score is 13 of 15
Answer Stats
Tourists Country % Correct
79.3M United States
100%
65.7M China
97%
17.9M India
95%
32.3M Japan
94%
45M Mexico
94%
22.1M Canada
92%
15.5M Indonesia
87%
17.5M South Korea
87%
39.8M Thailand
85%
18M Vietnam
84%
26.1M Malaysia
79%
13.6M Saudi Arabia
79%
15.1M Singapore
77%
16.7M United Arab Emirates
76%
12.8M Morocco
61%
No matching quizzes found
Score Distribution
Percent of People with Each Score
Percentile by Number Answered
Your Score History
You have not taken this quiz since the last reset